000 00628nam a2200277Ia 4500
005 20260324150645.0
008 008 260324s9999 xx 000 0 eng d
020 _a9781003595748
037 _aEBOOK
040 _aCRL
040 _beng
040 _cCRL
041 _2eng
041 _aeng
084 _qCRL
100 _aLovett F. Edwards
_91227158
245 0 _aIntroducing Yugoslavia
260 _bTaylor and Francis
260 _c1954
365 _a
365 _b145
856 _uhttp://www.taylorfrancis.com/books/9781003595748
942 _cEBOOK
999 _c1837009
_d1837009